[Event "Remote Easter Gr.A email"]
[Site "Remote email"]
[Date "2014.05.01"]
[Round "?"]
[White "Franken, Paul"]
[Black "Pischner, Rainer"]
[Result "1/2-1/2"]
[WhiteElo "2334"]
[BlackElo "2345"]
[PlyCount "39"]
[EventDate "2014.??.??"]
[EventType "tourn (corr)"]
[EventRounds "8"]
[EventCountry "GER"]
[SourceTitle "Corr 2015"]
[Source "ChessBase"]
[SourceDate "2015.07.17"]
[SourceVersion "1"]
[SourceVersionDate "2015.07.17"]
[SourceQuality "1"]

1. Nc3 d5 2. e4 c6 3. f4 dxe4 4. Nxe4 Nf6 5. Nf2 Bf5 6. Nf3 e6 7. Bd3 Bxd3 8. Nxd3 Nbd7 9. Qe2 Qb6 10. b3 Be7 11. Bb2 0-0 12. Bd4 c5 13. Bf2 Ng4 14. 0-0 Nxf2 15. Nxf2 Rfe8 16. a4 Rad8 17. g3 Nb8 18. Ne5 Nc6 19. Nc4 Qc7 20. c3 1/2-1/2

[Event "Remote No Engine Nah2-15 email"]
[Site "Remote email"]
[Date "2014.03.18"]
[Round "?"]
[White "Gottwald, Bernhard"]
[Black "Pischner, Rainer"]
[Result "0-1"]
[WhiteElo "1795"]
[BlackElo "2345"]
[PlyCount "88"]
[EventDate "2014.??.??"]
[EventType "tourn (corr)"]
[EventRounds "6"]
[EventCountry "GER"]
[SourceTitle "Corr 2015"]
[Source "ChessBase"]
[SourceDate "2015.07.17"]
[SourceVersion "1"]
[SourceVersionDate "2015.07.17"]
[SourceQuality "1"]

1. d4 Nf6 2. c4 g6 3. Nc3 d5 4. cxd5 Nxd5 5. e4 Nxc3 6. bxc3 c5 7. Bb5+ Bd7 8. Bxd7+ Nxd7 9. Ne2 Bg7 10. Be3 0-0 11. 0-0 e6 12. Qb3 b6 13. Rad1 Qc7 14. Bf4 e5 15. Be3 cxd4 16. cxd4 exd4 17. Nxd4 Nc5 18. Qc2 Qe7 19. f3 Rac8 20. Qf2 Ne6 21. Nb5 Rfd8 22. Rxd8+ Rxd8 23. Rc1 Qd7 24. a4 a6 25. Nc3 Bxc3 26. Rxc3 Qd1+ 27. Qf1 Qxa4 28. Rc1 b5 29. h4 h5 30. Kh2 Qb4 31. Rc6 Qe7 32. g3 Ra8 33. Qa1 Qb7 34. Rb6 Qc8 35. Bh6 Kh7 36. Be3 Qh8 37. Qa2 Qf6 38. f4 Qc3 39. Bf2 Qc4 40. Qb2 Qxe4 41. Qf6 Qf5 42. Qe7 a5 43. Qd7 Rd8 44. Qe7 Rd2 0-1

[Event "Remote-ch Gr.B email"]
[Site "Remote email"]
[Date "2014.02.01"]
[Round "?"]
[White "Pieleck, Rudolf"]
[Black "Pischner, Rainer"]
[Result "0-1"]
[WhiteElo "1573"]
[BlackElo "2347"]
[PlyCount "30"]
[EventDate "2014.??.??"]
[EventType "tourn (corr)"]
[EventRounds "7"]
[EventCountry "GER"]
[SourceTitle "Corr 2015"]
[Source "ChessBase"]
[SourceDate "2015.07.17"]
[SourceVersion "1"]
[SourceVersionDate "2015.07.17"]
[SourceQuality "1"]

1. e4 d5 2. exd5 Qxd5 3. Nc3 Qd6 4. d4 c6 5. Nf3 Nf6 6. Ne5 Nbd7 7. Nc4 Qc7 8. Be2 e5 9. dxe5 Nxe5 10. Bf4 Nf3+ 11. Bxf3 Qxf4 12. Qe2+ Be6 13. Ne4 0-0-0 14. Nxf6 Bxc4 15. Qe4 Qd2# 0-1

[Event "Remote S5E No Engine Pyramide email"]
[Site "Remote email"]
[Date "2014.01.28"]
[Round "?"]
[White "Pischner, Rainer"]
[Black "Wiedmann, Jochen"]
[Result "0-1"]
[WhiteElo "2347"]
[BlackElo "2076"]
[PlyCount "72"]
[EventDate "2014.??.??"]
[EventType "tourn (corr)"]
[EventRounds "6"]
[EventCountry "GER"]
[SourceTitle "Corr 2015"]
[Source "ChessBase"]
[SourceDate "2015.07.17"]
[SourceVersion "1"]
[SourceVersionDate "2015.07.17"]
[SourceQuality "1"]

1. d4 e6 2. c4 Nf6 3. Nc3 d5 4. Nf3 c6 5. Bg5 Be7 6. e3 0-0 7. Rc1 h6 8. Bh4 Nbd7 9. Bd3 c5 10. 0-0 cxd4 11. exd4 dxc4 12. Bxc4 a6 13. Ne5 Qb6 14. Bb3 Rd8 15. Na4 Qd6 16. Bg3 Qb4 17. a3 Qa5 18. Nc4 Qb5 19. Bc7 Rf8 20. Nab6 Nxb6 21. Nxb6 Bd7 22. Nxa8 Rxa8 23. Be5 Rd8 24. Re1 Bc6 25. Qc2 Ng4 26. Ba2 Bg5 27. Rcd1 Bh4 28. Bg3 Bxg3 29. hxg3 Qh5 30. d5 Qh2+ 31. Kf1 Bb5+ 32. Bc4 Qh1+ 33. Ke2 Qxg2 34. Rf1 Rc8 35. b3 exd5 36. Rxd5 Qxd5 0-1

[Event "Remote S5E No Engine email"]
[Site "Remote email"]
[Date "2014.01.09"]
[Round "?"]
[White "Galje, Hans"]
[Black "Pischner, Rainer"]
[Result "1-0"]
[WhiteElo "2339"]
[BlackElo "2345"]
[PlyCount "85"]
[EventDate "2014.??.??"]
[EventType "tourn (corr)"]
[EventRounds "6"]
[EventCountry "GER"]
[SourceTitle "Corr 2015"]
[Source "ChessBase"]
[SourceDate "2015.07.17"]
[SourceVersion "1"]
[SourceVersionDate "2015.07.17"]
[SourceQuality "1"]

1. d4 f5 2. g3 g6 3. Bg2 Bg7 4. Nh3 Nc6 5. d5 Ne5 6. Nc3 Nf6 7. Nf4 c6 8. 0-0 0-0 9. e4 fxe4 10. Nxe4 Nxd5 11. Nxd5 cxd5 12. Qxd5+ e6 13. Qb3 d5 14. Bg5 Qc7 15. Nc3 Bd7 16. Bf4 Qc8 17. Bxe5 Bxe5 18. Nxd5 Kh8 19. Ne3 Bc6 20. Bxc6 Qxc6 21. Rad1 Rad8 22. c3 Bg7 23. Rxd8 Rxd8 24. Rd1 Rxd1+ 25. Qxd1 Qc7 26. Qd3 Kg8 27. Qc4 Qxc4 28. Nxc4 Kf8 29. Nd6 b6 30. Nc8 Ke8 31. Nxa7 Kd7 32. Nb5 Kc6 33. a4 Kd5 34. b3 g5 35. f3 h5 36. Kf2 e5 37. Ke3 Bf8 38. b4 Bg7 39. Kd3 h4 40. c4+ Ke6 41. gxh4 gxh4 42. a5 bxa5 43. bxa5 1-0

[Event "Remote S5E No Engine email"]
[Site "Remote email"]
[Date "2014.01.09"]
[Round "?"]
[White "Pischner, Rainer"]
[Black "Gottwald, Bernhard"]
[Result "1-0"]
[WhiteElo "2347"]
[BlackElo "1848"]
[PlyCount "57"]
[EventDate "2014.??.??"]
[EventType "tourn (corr)"]
[EventRounds "6"]
[EventCountry "GER"]
[SourceTitle "Corr 2015"]
[Source "ChessBase"]
[SourceDate "2015.07.17"]
[SourceVersion "1"]
[SourceVersionDate "2015.07.17"]
[SourceQuality "1"]

1. d4 Nf6 2. c4 e6 3. Nc3 Bb4 4. f3 d5 5. a3 Be7 6. e4 c5 7. e5 Nh5 8. Be3 Bh4+ 9. g3 Nxg3 10. hxg3 Bxg3+ 11. Bf2 Bxf2+ 12. Kxf2 Nc6 13. cxd5 exd5 14. Bb5 Bd7 15. Bxc6 bxc6 16. dxc5 Qe7 17. Qd4 Rb8 18. b4 a5 19. Nge2 axb4 20. axb4 Bf5 21. Ng3 Bg6 22. Ra6 Qb7 23. Rha1 0-0 24. b5 cxb5 25. Qxd5 Qxd5 26. Nxd5 Rb7 27. c6 Rbb8 28. Ne7+ Kh8 29. c7 1-0

[Event "Remote S5E No Engine email"]
[Site "Remote email"]
[Date "2014.01.09"]
[Round "?"]
[White "Pischner, Rainer"]
[Black "Pirs, Matjaz"]
[Result "0-1"]
[WhiteElo "2347"]
[BlackElo "2506"]
[PlyCount "38"]
[EventDate "2014.??.??"]
[EventType "tourn (corr)"]
[EventRounds "6"]
[EventCountry "GER"]
[SourceTitle "Corr 2015"]
[Source "ChessBase"]
[SourceDate "2015.07.17"]
[SourceVersion "1"]
[SourceVersionDate "2015.07.17"]
[SourceQuality "1"]

1. d4 f5 2. g3 Nf6 3. Bg2 g6 4. Nf3 Bg7 5. 0-0 0-0 6. c4 d6 7. Nc3 c6 8. b3 Qa5 9. Rb1 Ne4 10. Nxe4 fxe4 11. Ng5 d5 12. Bd2 Qd8 13. Be3 h6 14. Nh3 Bf5 15. Qd2 Kh7 16. Nf4 Qd6 17. h4 Nd7 18. Nh3 Nf6 19. c5 Qd7 0-1

[Event "Remote No Engine Nah2-12 email"]
[Site "Remote email"]
[Date "2014.01.05"]
[Round "?"]
[White "Guelker, Lorenz"]
[Black "Pischner, Rainer"]
[Result "1-0"]
[WhiteElo "2043"]
[BlackElo "2347"]
[PlyCount "65"]
[EventDate "2014.??.??"]
[EventType "tourn (corr)"]
[EventRounds "6"]
[EventCountry "GER"]
[SourceTitle "Corr 2015"]
[Source "ChessBase"]
[SourceDate "2015.07.17"]
[SourceVersion "1"]
[SourceVersionDate "2015.07.17"]
[SourceQuality "1"]

1. e4 e5 2. Nf3 Nc6 3. Nc3 Nf6 4. g3 d6 5. Bg2 Be7 6. 0-0 0-0 7. d4 Bg4 8. Be3 exd4 9. Bxd4 Nxd4 10. Qxd4 Qc8 11. e5 dxe5 12. Nxe5 Rd8 13. Qe3 Bf5 14. g4 Be6 15. g5 Nd7 16. b3 Nxe5 17. Qxe5 Bd6 18. Qe3 c6 19. Rfe1 Qc7 20. h4 Bf4 21. Qf3 Rd2 22. Re2 Rad8 23. Rxd2 Rxd2 24. Rd1 Rxc2 25. Qxf4 Qb6 26. Qd6 g6 27. Qd8+ Qxd8 28. Rxd8+ Kg7 29. Nd1 Rxa2 30. Nc3 Ra1+ 31. Kh2 Bxb3 32. Ne4 b5 33. Nf6 1-0

[Event "Remote No Engine Nah2-11 email"]
[Site "Remote email"]
[Date "2013.12.10"]
[Round "?"]
[White "Helmund, Diana"]
[Black "Pischner, Rainer"]
[Result "0-1"]
[WhiteElo "2030"]
[BlackElo "2348"]
[PlyCount "54"]
[EventDate "2013.??.??"]
[EventType "tourn (corr)"]
[EventRounds "6"]
[EventCountry "GER"]
[SourceTitle "Corr 2015"]
[Source "ChessBase"]
[SourceDate "2015.07.17"]
[SourceVersion "1"]
[SourceVersionDate "2015.07.17"]
[SourceQuality "1"]

1. c4 e5 2. e3 Nf6 3. Nf3 Nc6 4. d4 exd4 5. exd4 d5 6. Nc3 Bb4 7. a3 Bxc3+ 8. bxc3 0-0 9. Be2 h6 10. cxd5 Nxd5 11. Qd3 Bg4 12. 0-0 Qf6 13. Bd2 Rfe8 14. Rfe1 Nf4 15. Bxf4 Qxf4 16. h3 Bf5 17. Qd2 Qxd2 18. Nxd2 a6 19. g4 Be6 20. f3 b5 21. a4 b4 22. cxb4 Nxb4 23. Rac1 c6 24. Ne4 a5 25. Nc5 Bd5 26. f4 Re3 27. g5 hxg5 0-1

[Event "Remote No Engine Nah2-11 email"]
[Site "Remote email"]
[Date "2013.12.10"]
[Round "?"]
[White "Pischner, Rainer"]
[Black "Pirs, Matjaz"]
[Result "0-1"]
[WhiteElo "2347"]
[BlackElo "2506"]
[PlyCount "32"]
[EventDate "2013.??.??"]
[EventType "tourn (corr)"]
[EventRounds "6"]
[EventCountry "GER"]
[SourceTitle "Corr 2015"]
[Source "ChessBase"]
[SourceDate "2015.07.17"]
[SourceVersion "1"]
[SourceVersionDate "2015.07.17"]
[SourceQuality "1"]

1. d4 f5 2. g3 Nf6 3. Bg2 g6 4. Nh3 Nc6 5. d5 Ne5 6. Bf4 d6 7. 0-0 Bg7 8. Nd2 0-0 9. c4 h6 10. Bxe5 dxe5 11. Qc2 e4 12. Nf4 g5 13. Ng6 Re8 14. f4 Ng4 15. Qb3 Qd6 16. Ne5 Qc5+ 0-1

[Event "Remote No Engine Nah2-10 email"]
[Site "Remote email"]
[Date "2013.11.27"]
[Round "?"]
[White "Pischner, Rainer"]
[Black "Witt, Monika"]
[Result "1-0"]
[WhiteElo "2348"]
[BlackElo "1451"]
[PlyCount "43"]
[EventDate "2013.??.??"]
[EventType "tourn (corr)"]
[EventRounds "6"]
[EventCountry "GER"]
[SourceTitle "Corr 2015"]
[Source "ChessBase"]
[SourceDate "2015.07.17"]
[SourceVersion "1"]
[SourceVersionDate "2015.07.17"]
[SourceQuality "1"]

1. e4 e5 2. f4 d6 3. Nf3 h6 4. fxe5 Bg4 5. Bc4 dxe5 6. Bxf7+ Ke7 7. Nc3 Bxf3 8. Qxf3 Nf6 9. Bb3 Kd7 10. Qh3+ Ke8 11. 0-0 a6 12. d3 Bb4 13. Be3 Qe7 14. Qc8+ Qd8 15. Qxb7 Nbd7 16. Qxb4 a5 17. Qc4 Qe7 18. Nd5 Nxd5 19. Qxd5 Rd8 20. Rf7 Nb6 21. Rxe7+ Kxe7 22. Qe6+ 1-0

[Event "Remote No Engine Nah2-09 email"]
[Site "Remote email"]
[Date "2013.11.04"]
[Round "?"]
[White "Klebe, Dieter"]
[Black "Pischner, Rainer"]
[Result "0-1"]
[WhiteElo "1608"]
[BlackElo "2348"]
[PlyCount "52"]
[EventDate "2013.??.??"]
[EventType "tourn (corr)"]
[EventRounds "6"]
[EventCountry "GER"]
[SourceTitle "Corr 2015"]
[Source "ChessBase"]
[SourceDate "2015.07.17"]
[SourceVersion "1"]
[SourceVersionDate "2015.07.17"]
[SourceQuality "1"]

1. e4 e5 2. Nf3 Nc6 3. Nc3 Nf6 4. Bc4 d6 5. d4 Bg4 6. 0-0 Bxf3 7. Qxf3 Nxd4 8. Qd3 Be7 9. Nd5 0-0 10. Ne3 Qd7 11. Nd5 c6 12. Nxf6+ Bxf6 13. c3 Ne6 14. b4 b5 15. Bb3 Nf4 16. Bxf4 exf4 17. Rae1 Be5 18. c4 a6 19. c5 Qe7 20. a4 dxc5 21. bxc5 Rfd8 22. Qc2 f3 23. g3 Qg5 24. Re3 Qg4 25. Rd3 Rd4 26. Rxd4 Qh3 0-1

[Event "Remote No Engine Nah2-09 email"]
[Site "Remote email"]
[Date "2013.11.04"]
[Round "?"]
[White "Pischner, Rainer"]
[Black "Baer, Cy"]
[Result "1-0"]
[WhiteElo "2347"]
[BlackElo "1697"]
[PlyCount "35"]
[EventDate "2013.??.??"]
[EventType "tourn (corr)"]
[EventRounds "6"]
[EventCountry "GER"]
[SourceTitle "Corr 2015"]
[Source "ChessBase"]
[SourceDate "2015.07.17"]
[SourceVersion "1"]
[SourceVersionDate "2015.07.17"]
[SourceQuality "1"]

1. d4 d5 2. Nf3 Nf6 3. c4 Nc6 4. e3 Bg4 5. Nbd2 Ne4 6. Be2 e6 7. 0-0 g6 8. h3 Nxd2 9. Nxd2 Bxe2 10. Qxe2 Bg7 11. Rb1 0-0 12. b3 Ne7 13. Ba3 c6 14. Rfc1 Rc8 15. h4 f5 16. Nf3 Re8 17. Ng5 Kh8 18. Nf7+ 1-0

[Event "Remote No Engine Nah2-09 email"]
[Site "Remote email"]
[Date "2013.11.04"]
[Round "?"]
[White "Pischner, Rainer"]
[Black "Witt, Monika"]
[Result "1-0"]
[WhiteElo "2348"]
[BlackElo "1451"]
[PlyCount "77"]
[EventDate "2013.??.??"]
[EventType "tourn (corr)"]
[EventRounds "6"]
[EventCountry "GER"]
[SourceTitle "Corr 2015"]
[Source "ChessBase"]
[SourceDate "2015.07.17"]
[SourceVersion "1"]
[SourceVersionDate "2015.07.17"]
[SourceQuality "1"]

1. d4 d5 2. Nc3 Nf6 3. e4 a6 4. f3 dxe4 5. fxe4 e5 6. d5 Qd6 7. Nf3 Bg4 8. Be2 c6 9. 0-0 h6 10. Be3 c5 11. Qe1 Nbd7 12. Qf2 Be7 13. h3 Bh5 14. Nh4 Bxe2 15. Qxe2 g6 16. Qf2 0-0-0 17. Nf3 Nb6 18. a4 Nc4 19. Bc1 Nh5 20. b3 g5 21. bxc4 f6 22. a5 Nf4 23. Be3 Nxh3+ 24. gxh3 Bf8 25. Na4 Rg8 26. Bxc5 Qc7 27. Bb6 Qxc4 28. Nd2 Qd4 29. Bxd4 Be7 30. Ba7 Bb4 31. Nb6+ Kc7 32. Qxf6 Bc5+ 33. Kh2 Bxb6 34. Bxb6+ Kc8 35. Qe6+ Kb8 36. Rf7 Rc8 37. Qd7 Rc7 38. Qxc7+ Ka8 39. Qxb7# 1-0

[Event "Remote No Engine Nah2-08 email"]
[Site "Remote email"]
[Date "2013.10.20"]
[Round "?"]
[White "Pischner, Rainer"]
[Black "Gottwald, Bernhard"]
[Result "1-0"]
[WhiteElo "2348"]
[BlackElo "1870"]
[PlyCount "81"]
[EventDate "2013.??.??"]
[EventType "tourn (corr)"]
[EventRounds "6"]
[EventCountry "GER"]
[SourceTitle "Corr 2015"]
[Source "ChessBase"]
[SourceDate "2015.07.17"]
[SourceVersion "1"]
[SourceVersionDate "2015.07.17"]
[SourceQuality "1"]

1. d4 Nf6 2. c4 e6 3. Nf3 c5 4. Nc3 cxd4 5. Nxd4 a6 6. e4 d6 7. Be2 Be7 8. 0-0 Nc6 9. Be3 0-0 10. Kh1 e5 11. Nc2 Be6 12. a3 Qd7 13. h3 Rac8 14. Nb4 Nxb4 15. axb4 Bxc4 16. Bd3 Bxd3 17. Qxd3 Rc6 18. b5 axb5 19. Qxb5 Rfc8 20. Ra7 R8c7 21. Bb6 Rc8 22. Ba5 Rb8 23. Nd5 Nxd5 24. exd5 Rc7 25. Qxd7 Rxd7 26. Rc1 Bd8 27. Bxd8 Rbxd8 28. b4 f5 29. b5 Kf7 30. b6 Ke7 31. Ra4 g5 32. f3 f4 33. Kg1 h6 34. Kf2 h5 35. Ke2 h4 36. Kd3 Kf6 37. Ke4 Re8 38. Ra7 Ree7 39. Rc8 Kg7 40. Kf5 Kh6 41. Rh8+ 1-0

[Event "Remote S7E High-149 email"]
[Site "Remote email"]
[Date "2013.10.19"]
[Round "?"]
[White "Class, Wolfgang"]
[Black "Pischner, Rainer"]
[Result "1-0"]
[WhiteElo "2448"]
[BlackElo "2348"]
[PlyCount "49"]
[EventDate "2013.??.??"]
[EventType "tourn (corr)"]
[EventRounds "6"]
[EventCountry "GER"]
[SourceTitle "Corr 2015"]
[Source "ChessBase"]
[SourceDate "2015.07.17"]
[SourceVersion "1"]
[SourceVersionDate "2015.07.17"]
[SourceQuality "1"]

1. e4 e5 2. Nf3 Nf6 3. Nxe5 d6 4. Nf3 Nxe4 5. Nc3 Nxc3 6. dxc3 Be7 7. Be3 0-0 8. Qd2 c5 9. 0-0-0 Be6 10. Ng5 Bxa2 11. h4 Nd7 12. Qd3 Nf6 13. c4 h6 14. Qa3 hxg5 15. hxg5 Ng4 16. Qd3 g6 17. Qc3 f6 18. Bxc5 Kg7 19. Bd4 Ne5 20. f4 Nc6 21. Bd3 Nxd4 22. Qxd4 d5 23. Rh6 Rg8 24. Rxg6+ Kf7 25. f5 1-0

[Event "Remote S7E High-149 email"]
[Site "Remote email"]
[Date "2013.10.19"]
[Round "?"]
[White "Dickl, Errol"]
[Black "Pischner, Rainer"]
[Result "1-0"]
[WhiteElo "2319"]
[BlackElo "2348"]
[PlyCount "67"]
[EventDate "2013.??.??"]
[EventType "tourn (corr)"]
[EventRounds "6"]
[EventCountry "GER"]
[SourceTitle "Corr 2015"]
[Source "ChessBase"]
[SourceDate "2015.07.17"]
[SourceVersion "1"]
[SourceVersionDate "2015.07.17"]
[SourceQuality "1"]

1. e4 e5 2. Nf3 Nf6 3. d4 Nxe4 4. Bd3 d5 5. Nxe5 Nd7 6. Nxd7 Bxd7 7. 0-0 Bd6 8. c4 c6 9. Nc3 Nxc3 10. bxc3 0-0 11. cxd5 cxd5 12. Qh5 g6 13. Qxd5 Qc7 14. g3 Be6 15. Qf3 Qxc3 16. Rb1 Qxd4 17. Be4 Qc4 18. Bxb7 Rad8 19. Bg5 f6 20. Bh6 Rf7 21. Rfd1 Qxa2 22. h4 Bc7 23. Rxd8+ Bxd8 24. Rd1 Bb6 25. Bd5 Bxd5 26. Rxd5 Bxf2+ 27. Kh1 Rf8 28. Rd2 Qb1+ 29. Rd1 Qf5 30. Qxf5 gxf5 31. Bxf8 Kxf8 32. Kg2 Bb6 33. Rd7 Kg8 34. Kf3 1-0

[Event "Remote S7E High-149 email"]
[Site "Remote email"]
[Date "2013.10.19"]
[Round "?"]
[White "Koenig, Uwe"]
[Black "Pischner, Rainer"]
[Result "1-0"]
[WhiteElo "2449"]
[BlackElo "2347"]
[PlyCount "103"]
[EventDate "2013.??.??"]
[EventType "tourn (corr)"]
[EventRounds "6"]
[EventCountry "GER"]
[SourceTitle "Corr 2015"]
[Source "ChessBase"]
[SourceDate "2015.07.17"]
[SourceVersion "1"]
[SourceVersionDate "2015.07.17"]
[SourceQuality "1"]

1. e4 e5 2. Nf3 Nf6 3. d4 Nxe4 4. Bd3 d5 5. dxe5 Nc5 6. Be2 Be7 7. 0-0 0-0 8. Be3 Nc6 9. Nc3 Be6 10. a3 a6 11. Qe1 Qc8 12. Rd1 Rd8 13. Nd4 Nxd4 14. Rxd4 c6 15. Rd2 Bf5 16. f4 a5 17. Bf3 b6 18. Qf2 Re8 19. h3 Qb8 20. Kh2 h6 21. Ne2 Qc7 22. b4 Na4 23. b5 cxb5 24. Rxd5 Rad8 25. Nd4 Rxd5 26. Bxd5 Bd7 27. e6 Bxe6 28. Nxe6 fxe6 29. Bxe6+ Kh8 30. Qg3 Rf8 31. Qg6 Rf6 32. Qe8+ Bf8 33. Bd7 Qd6 34. Bxb5 Nc3 35. Bd7 Kh7 36. Rf2 Qe7 37. Rf3 Qxe8 38. Bxe8 Nd5 39. Bd4 Rxf4 40. Rxf4 Nxf4 41. Bxb6 Bd6 42. Bxa5 Ne6+ 43. Kg1 Bxa3 44. Kf2 Bc5+ 45. Ke2 Kg8 46. Bd7 Kf7 47. Bxe6+ Kxe6 48. c4 Kd7 49. Kf3 g6 50. Bd2 Bf8 51. Ke4 Ke6 52. Be3 1-0

[Event "Remote S7E High-149 email"]
[Site "Remote email"]
[Date "2013.10.19"]
[Round "?"]
[White "Pischner, Rainer"]
[Black "Fleury, Flavio"]
[Result "1/2-1/2"]
[WhiteElo "2348"]
[BlackElo "2377"]
[PlyCount "61"]
[EventDate "2013.??.??"]
[EventType "tourn (corr)"]
[EventRounds "6"]
[EventCountry "GER"]
[SourceTitle "Corr 2015"]
[Source "ChessBase"]
[SourceDate "2015.07.17"]
[SourceVersion "1"]
[SourceVersionDate "2015.07.17"]
[SourceQuality "1"]

1. d4 Nf6 2. c4 Nc6 3. Nf3 e6 4. Nc3 Bb4 5. Qc2 d6 6. Bd2 e5 7. a3 Bxc3 8. Bxc3 exd4 9. Nxd4 Nxd4 10. Bxd4 0-0 11. e3 Ng4 12. g3 Bd7 13. Bg2 c5 14. Bc3 Bc6 15. 0-0 Ne5 16. Bxc6 bxc6 17. Rfd1 Qc7 18. Qf5 Rad8 19. b4 cxb4 20. axb4 f6 21. Qe6+ Kh8 22. c5 dxc5 23. bxc5 Nf3+ 24. Kg2 Ng5 25. Qf5 Qe7 26. Ba5 Rxd1 27. Rxd1 Qe6 28. Qxe6 Nxe6 29. Rd6 Nxc5 30. Rxc6 Nb3 31. Bb4 1/2-1/2

[Event "Remote No Engine Nah2-07 email"]
[Site "Remote email"]
[Date "2013.09.26"]
[Round "?"]
[White "Pischner, Rainer"]
[Black "Klebe, Dieter"]
[Result "1-0"]
[WhiteElo "2348"]
[BlackElo "1608"]
[PlyCount "85"]
[EventDate "2013.??.??"]
[EventType "tourn (corr)"]
[EventRounds "4"]
[EventCountry "GER"]
[SourceTitle "Corr 2015"]
[Source "ChessBase"]
[SourceDate "2015.07.17"]
[SourceVersion "1"]
[SourceVersionDate "2015.07.17"]
[SourceQuality "1"]

1. e4 e6 2. d4 Nf6 3. Bd3 Nc6 4. Be3 d5 5. e5 Ne4 6. c3 Ng5 7. Nd2 Be7 8. f4 Ne4 9. Nxe4 dxe4 10. Bxe4 g6 11. Nf3 0-0 12. 0-0 f5 13. exf6 Bxf6 14. Bxc6 bxc6 15. Qe2 a5 16. Rfd1 Ba6 17. Qc2 Qe7 18. b3 Rad8 19. a4 Bb7 20. Bc1 c5 21. Ne5 Bxe5 22. dxe5 Rxd1+ 23. Qxd1 c4 24. Ba3 Qe8 25. Bxf8 Qxf8 26. Qg4 Qc5+ 27. Kh1 cxb3 28. Qxe6+ Kg7 29. Qxb3 Bd5 30. Qa3 Qf2 31. Qe7+ Bf7 32. e6 Qxf4 33. Qxf7+ Qxf7 34. exf7 Kxf7 35. Rb1 Ke6 36. Rb5 Kd6 37. Rxa5 h5 38. Rb5 c6 39. Rb1 Kc5 40. a5 Kc4 41. a6 Kxc3 42. a7 Kc2 43. Rb6 1-0

[Event "Remote S5E No Engine Pyramide email"]
[Site "Remote email"]
[Date "2013.09.08"]
[Round "?"]
[White "Spieler, Freakie"]
[Black "Pischner, Rainer"]
[Result "1-0"]
[WhiteElo "2249"]
[BlackElo "2349"]
[PlyCount "45"]
[EventDate "2013.??.??"]
[EventType "tourn (corr)"]
[EventRounds "6"]
[EventCountry "GER"]
[SourceTitle "Corr 2015"]
[Source "ChessBase"]
[SourceDate "2015.07.17"]
[SourceVersion "1"]
[SourceVersionDate "2015.07.17"]
[SourceQuality "1"]

1. d4 Nf6 2. Nc3 d5 3. Nf3 g6 4. Bg5 Bg7 5. e3 c6 6. Bd3 0-0 7. 0-0 Nbd7 8. Re1 Re8 9. e4 dxe4 10. Nxe4 Nxe4 11. Rxe4 Nf6 12. Rh4 Bg4 13. Bc4 Qd6 14. c3 Rad8 15. Qb3 Be6 16. Bxe6 fxe6 17. Re1 Nd5 18. Rhe4 Nc7 19. Bf4 Qd7 20. Bxc7 Qxc7 21. Qxe6+ Kh8 22. Ng5 Rf8 23. Rh4 1-0

[Event "Remote No Engine Nah2-03 email"]
[Site "Remote email"]
[Date "2013.07.26"]
[Round "?"]
[White "Pischner, Rainer"]
[Black "Guelker, Lorenz"]
[Result "1-0"]
[WhiteElo "2320"]
[BlackElo "2209"]
[PlyCount "65"]
[EventDate "2013.??.??"]
[EventType "tourn (corr)"]
[EventRounds "6"]
[EventCountry "GER"]
[SourceTitle "Corr 2015"]
[Source "ChessBase"]
[SourceDate "2015.07.17"]
[SourceVersion "1"]
[SourceVersionDate "2015.07.17"]
[SourceQuality "1"]

1. e4 e5 2. Nf3 Nc6 3. Bc4 Bc5 4. 0-0 Nf6 5. d3 0-0 6. c3 d5 7. exd5 Nxd5 8. b4 Be7 9. Bb2 Bg4 10. Nbd2 f6 11. Qb3 Be6 12. Rad1 Qd7 13. Ne4 b6 14. Bxd5 Bxd5 15. c4 Bxe4 16. dxe4 Qe6 17. a3 Rfd8 18. Rd5 a5 19. b5 Nb8 20. c5 Nd7 21. c6 Nc5 22. Rxd8+ Rxd8 23. Qxe6+ Nxe6 24. Rc1 h6 25. Kf1 Rd3 26. a4 Rb3 27. Rc2 Nc5 28. Nd2 Rb4 29. Ba3 Rxa4 30. Bxc5 bxc5 31. b6 cxb6 32. c7 Ra1+ 33. Ke2 1-0

[Event "Remote No Engine Nah2-03 email"]
[Site "Remote email"]
[Date "2013.07.26"]
[Round "?"]
[White "Pischner, Rainer"]
[Black "Witt, Monika"]
[Result "1-0"]
[WhiteElo "2320"]
[BlackElo "1412"]
[PlyCount "41"]
[EventDate "2013.??.??"]
[EventType "tourn (corr)"]
[EventRounds "6"]
[EventCountry "GER"]
[SourceTitle "Corr 2015"]
[Source "ChessBase"]
[SourceDate "2015.07.17"]
[SourceVersion "1"]
[SourceVersionDate "2015.07.17"]
[SourceQuality "1"]

1. e4 e5 2. Nf3 Nc6 3. Bc4 h6 4. 0-0 Nf6 5. d4 a6 6. Nc3 Bb4 7. d5 Bxc3 8. dxc6 Bb4 9. Nxe5 0-0 10. Nxf7 Qe8 11. Nd6+ Kh8 12. Nxe8 Rxe8 13. cxd7 Nxd7 14. Bd3 Ne5 15. Bf4 Nxd3 16. cxd3 Re7 17. Rc1 h5 18. Qxh5+ Kg8 19. Rxc7 Re6 20. Qf7+ Kh7 21. Qxg7# 1-0

[Event "Remote S7E Adv-134 email"]
[Site "Remote email"]
[Date "2013.07.09"]
[Round "?"]
[White "Skorna, Ullrich"]
[Black "Pischner, Rainer"]
[Result "1/2-1/2"]
[WhiteElo "2353"]
[BlackElo "2349"]
[PlyCount "65"]
[EventDate "2013.??.??"]
[EventType "tourn (corr)"]
[EventRounds "6"]
[EventCountry "GER"]
[SourceTitle "Corr 2015"]
[Source "ChessBase"]
[SourceDate "2015.07.17"]
[SourceVersion "1"]
[SourceVersionDate "2015.07.17"]
[SourceQuality "1"]

1. e4 e6 2. d4 d5 3. Nc3 Bb4 4. e5 c5 5. Bd2 Ne7 6. Nb5 Bxd2+ 7. Qxd2 0-0 8. f4 a6 9. Nd6 cxd4 10. Nf3 Nbc6 11. Bd3 f6 12. 0-0 b5 13. Qe1 Bd7 14. Qh4 h6 15. a3 Nc8 16. Nxc8 Rxc8 17. Qg3 fxe5 18. fxe5 Be8 19. Qg4 Bf7 20. Rae1 Qc7 21. h4 Rce8 22. h5 Re7 23. Rf2 b4 24. axb4 Nxb4 25. Nxd4 Nxd3 26. cxd3 Rb8 27. Ree2 Rb6 28. Qh4 Qc1+ 29. Kh2 Rd7 30. g4 Rb4 31. Nf3 Qf4+ 32. Kh3 Rdb7 33. Rc2 1/2-1/2